000 00386nam a2200133Ia 4500
008 100328s9999 xx 000 0 und d
082 _b56080
100 _aआचार्य नयना
245 _aभूल भुलैय्या.
260 _bगीता
630 _aभूल भुलैय्या.
730 _aभूल भुलैय्या.
942 _cBOOK
999 _c542667
_d542664